Statistics for Type the names of the properties on the monopoly board game

Click here to take the quiz!

General Stats

  • This quiz has been taken 9 times
  • The average score is 13 of 22

Answer Stats

HintAnswer% Correct
BLUEMayfair
100%
YELLOWPiccadilly
89%
GREENBond Street
78%
GREENOxford Street
78%
BLUEPark Lane
78%
REDTrafalgar Square
78%
REDFleet Street
67%
BROWNOld Kent Road
67%
YELLOWCoventry Street
56%
YELLOWLeicester Square
56%
ORANGEMarlborough Street
56%
PINKPall Mall
56%
PERIWINKLEThe Angel Islington
56%
ORANGEBow Street
44%
PERIWINKLEEuston Road
44%
PERIWINKLEPentonville Road
44%
GREENRegent Street
44%
REDStrand
44%
ORANGEVine Street
44%
BROWNWhitechapel Road
33%
PINKNorthumberl'd Avenue
22%
PINKWhitehall
22%

Score Distribution

Percentile by Number Answered

Percent of People with Each Score

Your Score History

You have not taken this quiz